000
00248nam a2200109Ia 4500
008
190216s9999||||xx |||||||||||||| ||und||
100
_a
Hagela T N
245
0
_a
Monetary Economics
260
_b
Konark Pub Pvt
_c
1998
300
_a
756p
942
_c
BK
999
_c
10424
_d
10424